The phenomenon of religion (Record no. 22724)

MARC details
000 -LEADER
fixed length control field 00374nam a2200157 4500
020 ## - INTERNATIONAL STANDARD BOOK NUMBER
ISBN 0070737932
082 00 - DEWEY DECIMAL CLASSIFICATION NUMBER
Classification number 200.1
Author Cutter SMA
100 1# - MAIN ENTRY--AUTHOR NAME
Author name Smart, Ninian,
245 14 - TITLE STATEMENT
Title The phenomenon of religion
260 ## - PUBLICATION, DISTRIBUTION, ETC. (IMPRINT)
Place of publication [New York]
Name of publisher Herder and Herder
Year of publication [1973]
300 ## - PHYSICAL DESCRIPTION
Number of Pages v, 157 p.
490 0# - SERIES STATEMENT
Series statement Philosophy of religion series
650 #0 - SUBJECT ADDED ENTRY--TOPICAL TERM
Topical Term Religion.
942 ## - ADDED ENTRY ELEMENTS (KOHA)
Koha item type Books
Holdings
Home library Current library Shelving location Date acquired Full call number Accession Number Koha item type
Henry Martyn Institute Library Henry Martyn Institute Library General stacks 10/04/2019 200.1 SMA 25607 Books
                   Copyright © 2026 | Henry Martyn Institute | Hyderabad | TS-500052 | INDIA | Implemented by hmi.edu.in
Hit-Count:

Powered by Koha